Dropped from the clouds /

Saved in:
Bibliographic Details
Main Author: Verne, Jules, 1828-1905
Other Authors: Kingston, W. H. G. (William Henry Giles), 1814-1880
Format: Book
Language:English
French
Published: London : New York : J.M. Dent ; E.P. Dutton, 1909.
Series:Everyman's library.
Subjects:
LEADER 01211nam a2200289 a 4500
001 c000384786
003 CARM
005 00000000000000.0
008 990626s1909 enka j 000 1 eng d
019 1 |a 9600042  |5 LACONCORD2021 
035 |a (OCoLC)2028364  |5 LACONCORD2021 
040 |a DU  |b eng  |c DU  |d VDU 
041 0 |a eng  |h fre 
082 0 4 |a 843.8  |2 21 
100 1 |a Verne, Jules,  |d 1828-1905. 
240 1 0 |a Naufragés de l'air.  |l English. 
245 1 0 |a Dropped from the clouds /  |c by Jules Verne ; translated from the French by W.H.G. Kingston. 
260 |a London :  |b J.M. Dent ;  |a New York :  |b E.P. Dutton,  |c 1909. 
300 |a xiv, 240 p. :  |b ill. ;  |c 18 cm. 
490 0 |a Everyman's library. 
500 |a Translation of: L'Ile mystérieuse. Tome 1, Les naufragés de l'air. 
650 0 |a Castaways  |x Juvenile fiction. 
650 0 |a Survival after airplane accidents, shipwrecks, etc.  |x Juvenile fiction. 
700 1 |a Kingston, W. H. G.  |q (William Henry Giles),  |d 1814-1880. 
852 8 |b CARM  |h A3:AD26A0  |i A05524  |p 0480879  |f BK 
999 f f |i 9504824c-176a-5682-8e0a-fc60e3b07459  |s f5f2a508-d711-5a10-833a-0bea15df719e 
952 f f |p Can circulate  |a CAVAL  |b CAVAL  |c CAVAL  |d CARM 1 Store  |e A05524  |f A3:AD26A0  |h Other scheme  |i book  |m 0480879